000
00288nam a22001337a 4500
008
170309b xxu||||| |||| 00| 0 eng d
020
_a
053400562
041
_a
eng
080
_2
2ND
_a
611
100
_a
6
101
_a
SHM
245
_a
PLANT PHYSIOLOGY
_c
SALISBURY, F.H
942
_2
udc
_c
BK
999
_c
7314
_d
7314